[Event "Mazowiec-chT op 1718"]
[Site "Warsaw"]
[Date "2018.01.07"]
[Round "4.19"]
[White "Kuznik, Kamil"]
[Black "Rokni, Farzam"]
[Result "0-1"]
[WhiteElo "1415"]
[BlackElo "1439"]
[PlyCount "120"]
[EventDate "2017.12.03"]
[EventType "team-swiss"]
[EventRounds "10"]
[EventCountry "POL"]
[SourceTitle "EXT 2020"]
[Source "ChessBase"]
[SourceDate "2019.10.17"]
[SourceVersion "1"]
[SourceVersionDate "2019.10.17"]
[SourceQuality "1"]

1. e4 e5 2. Nf3 f5 3. exf5 Bc5 4. d4 exd4 5. Nxd4 Nf6 6. Be2 0-0 7. 0-0 Bxd4 8. Qxd4 Nc6 9. Qh4 d5 10. Nc3 Bxf5 11. Bd3 Bxd3 12. cxd3 d4 13. Ne4 Nxe4 14. Qxe4 Re8 15. Qg4 Qf6 16. Bf4 Rac8 17. Rfe1 Nb4 18. Bg5 Qg6 19. Qxd4 Nxd3 20. Qd5+ Kh8 21. Red1 Nb4 22. Qc5 Nd3 23. Qd4 Nxf2 24. Qxf2 Qxg5 25. Qxa7 b6 26. Re1 Qc5+ 27. Kh1 Qf2 28. Rf1 Qxb2 29. Qb7 h6 30. Rae1 c5 31. Qd7 Rf8 32. Qe6 Rxf1+ 33. Rxf1 Ra8 34. h3 Rd8 35. Qe7 Qd4 36. Rf4 Qd1+ 37. Kh2 Qd6 38. Qf7 Qe5 39. Kg1 Rd1+ 40. Rf1 Rxf1+ 41. Qxf1 Qd5 42. Qb5 Qd4+ 43. Kh2 c4 44. Qb4 Qc5 45. Qe1 c3 46. Qe8+ Kh7 47. Qe4+ Kg8 48. Qe8+ Qf8 49. Qe6+ Kh8 50. Qe4 b5 51. Qd3 b4 52. Kh1 Qf7 53. a4 bxa3 54. Qxc3 a2 55. Qc8+ Qg8 56. Qc3 Qa8 57. Qa1 Qa3 58. Kh2 Qb3 59. Qe5 Qb1 60. Qe8+ Kh7 0-1

[Event "Mazowiec-chT op 1617"]
[Site "Warsaw"]
[Date "2017.02.05"]
[Round "9.3"]
[White "Rokni, Farzam"]
[Black "Chylewski, Patryk"]
[Result "0-1"]
[WhiteElo "1447"]
[BlackElo "2042"]
[PlyCount "116"]
[EventDate "2016.12.11"]
[EventType "team-swiss"]
[EventRounds "10"]
[EventCountry "POL"]
[SourceTitle "EXT 2019"]
[Source "ChessBase"]
[SourceDate "2018.10.10"]
[SourceVersion "1"]
[SourceVersionDate "2018.10.10"]
[SourceQuality "1"]

1. Nf3 d5 2. g3 c6 3. Bg2 Bg4 4. 0-0 Nd7 5. d3 Ngf6 6. Nbd2 e5 7. e4 Bd6 8. Re1 0-0 9. c3 Re8 10. Nf1 a5 11. Ne3 Bxf3 12. Bxf3 dxe4 13. dxe4 Nc5 14. Qc2 Qc7 15. Nf5 Bf8 16. Bg5 Nfd7 17. Rad1 Ne6 18. Be3 Rad8 19. Bg2 b5 20. Kh1 Ndc5 21. f4 exf4 22. gxf4 Nxf4 23. Bd4 Nce6 24. Qf2 c5 25. Be3 Nd3 26. Rxd3 Rxd3 27. Bf1 Rxe3 28. Qxe3 c4 29. Nd4 Qe5 30. Nf3 Qc5 31. a4 bxa4 32. Qxc5 Bxc5 33. Bxc4 Rb8 34. Re2 a3 35. bxa3 Rb1+ 36. Re1 Rxe1+ 37. Nxe1 Bxa3 38. Nd3 Kf8 39. Kg2 Ke7 40. Ne5 Nd8 41. Nd3 f6 42. Kf3 Bd6 43. Bg8 h6 44. h4 Ne6 45. Kg4 a4 46. Kf5 a3 47. Bxe6 g6+ 48. Kxg6 Kxe6 49. Nc1 Bf4 50. Na2 Ke5 51. h5 Bg5 52. Nb4 Kxe4 53. c4 Bd2 54. Nc2 a2 55. c5 Kd5 56. c6 Kxc6 57. Kxf6 Kc5 58. Ke5 Kc4 0-1

[Event "Warsaw YMCA Winter-D 166th"]
[Site "Warsaw"]
[Date "2016.02.23"]
[Round "8"]
[White "Markiewicz, Janusz"]
[Black "Rokni, Farzam"]
[Result "0-1"]
[WhiteElo "1357"]
[BlackElo "1497"]
[PlyCount "68"]
[EventDate "2016.01.05"]
[EventType "tourn"]
[EventRounds "13"]
[EventCountry "POL"]
[SourceTitle "EXT 2019"]
[Source "ChessBase"]
[SourceDate "2018.10.10"]
[SourceVersion "1"]
[SourceVersionDate "2018.10.10"]
[SourceQuality "1"]

1. e4 e5 2. Nf3 Nc6 3. Bc4 Nf6 4. d4 exd4 5. Ng5 Bb4+ 6. c3 dxc3 7. bxc3 Ne5 8. Qb3 d5 9. exd5 Bd6 10. 0-0 h6 11. Nf3 Nxf3+ 12. gxf3 Bh3 13. Re1+ Kf8 14. Qxb7 Nd7 15. Bf1 Bxf1 16. Kxf1 Rb8 17. Qxa7 Qh4 18. Be3 Qc4+ 19. Kg2 Qxd5 20. Nd2 Qh5 21. Rh1 Re8 22. Ne4 Ne5 23. Nd2 Nxf3 24. Nxf3 Qg4+ 25. Kf1 Qxf3 26. Rg1 Bxh2 27. Rg2 Bf4 28. Qc5+ Kg8 29. Re1 Bxe3 30. Qxc7 Kh7 31. Re2 Bxf2 32. Rxg7+ Kxg7 33. Qxf7+ Kxf7 34. Rxf2 Qxf2+ 0-1

[Event "Warsaw YMCA Winter-D 166th"]
[Site "Warsaw"]
[Date "2016.01.26"]
[Round "4"]
[White "Staszewski, Krzysztof"]
[Black "Rokni, Farzam"]
[Result "1-0"]
[WhiteElo "1496"]
[BlackElo "1497"]
[PlyCount "48"]
[EventDate "2016.01.05"]
[EventType "tourn"]
[EventRounds "13"]
[EventCountry "POL"]
[SourceTitle "EXT 2019"]
[Source "ChessBase"]
[SourceDate "2018.10.10"]
[SourceVersion "1"]
[SourceVersionDate "2018.10.10"]
[SourceQuality "1"]

1. c4 e5 2. Nc3 f5 3. d3 Nf6 4. Nf3 Nc6 5. g3 Bc5 6. Bg2 0-0 7. e3 d6 8. 0-0 Be6 9. Ng5 Bd7 10. Nd5 h6 11. Nxf6+ Qxf6 12. Nf3 Be6 13. a3 a5 14. Rb1 Rad8 15. Qc2 Qf7 16. b3 g5 17. Bb2 f4 18. d4 g4 19. dxc5 gxf3 20. Bxf3 dxc5 21. exf4 exf4 22. Rbe1 Bh3 23. Bd5 Rxd5 24. cxd5 fxg3 1-0